Mathematics of modern engineering

Gespeichert in:
Bibliographische Detailangaben
1. Verfasser: Keller, Ernest George, 1896-
Format: Buch
Sprache:English
Veröffentlicht: New York, J. Wiley & sons, inc.; London, Chapman & Hall, limited, 1942.
Schlagworte:
Tags: Tag hinzufügen
Keine Tags, Fügen Sie den ersten Tag hinzu!

MARC

LEADER 00000nam a2200000Ia 4500
003 003333
005 20221231143958.0
008 140114s1942 nyua 000 ||eng d
040 |c cru CEDI 
082 |a 510 K 29m 
100 |a Keller, Ernest George, 1896-  |9 21719 
245 |a Mathematics of modern engineering  
246 |a  Vol. II Mathematical engineering. 
260 |a New York, J. Wiley & sons, inc.; London, Chapman & Hall, limited,   |c 1942. 
300 |a  1 volumen. ilustraciones, diagramas. 24 cm. 
500 |a En CEDI solo se encuentra el V. II 
650 |x MATEMATICAS PARA INGENIEROS  |9 21720 
942 |2 ddc  |c BK 
999 |c 15096  |d 15096